| Tag |
First Indicator |
Second Indicator |
Subfields |
| LEADER |
00000cam a2200000 4500 |
| 001 |
in00000043936 |
| 005 |
20151007065031.0 |
| 008 |
800527r1910 gw a 00010 ger d |
| 035 |
|
|
|a (OCoLC)06360204
|
| 035 |
|
|
|9 AAE1149AM
|
| 040 |
|
|
|a TXA
|c TXA
|d UtOrBLW
|
| 049 |
|
|
|a TXAM
|
| 090 |
|
|
|a QE601
|b .R43 1910
|
| 092 |
|
|
|a 551.8
|b R298u
|
| 100 |
1 |
|
|a Reck, Hans.
|
| 245 |
1 |
0 |
|a Uber Erhebungskratere /
|c von H. Reck.
|
| 264 |
|
1 |
|a [Berlin],
|b [publisher not identified] ;
|c 1910.
|
| 300 |
|
|
|a [293]-318 pages :
|b illustrations, diagrams
|
| 336 |
|
|
|a text
|b txt
|2 rdacontent
|
| 337 |
|
|
|a unmediated
|b n
|2 rdamedia
|
| 338 |
|
|
|a volume
|b nc
|2 rdacarrier
|
| 500 |
|
|
|a Cover title.
|
| 650 |
|
0 |
|a Geology, Structural.
|
| 999 |
|
|
|a MARS
|
| 999 |
f |
f |
|s e3d9c638-e2a7-3c80-9401-27d3e4e64de0
|i b72816c4-fbff-3855-9d07-1ac106825cce
|t 0
|
| 952 |
f |
f |
|p ric
|a Texas A&M University
|b Rellis Campus
|c Joint Library Facility
|d Remote Storage
|t 0
|e QE601 .R43 1910
|h Library of Congress classification
|i unmediated -- volume
|m A14800956787
|
| 998 |
f |
f |
|a QE601 .R43 1910
|t 0
|l Remote Storage
|